000 01152cam a22003733a 4500
001 0000779
003 DO-SdBNP
005 20260312113407.0
007 0000779
008 861112 2006 ag a 000 0 spa d
010 _a
020 _a9870400663
040 _aBPMSU
_cspa
_dBPMSU
_d
082 0 4 _aA863.44
_bM339i 2008
_222
100 1 _aMariño, Ricardo
_41956-
_daut.
_eautor
245 1 3 _aEl insoportable /
_cRicardo Mariño ; ilustraciones Huadi
250 _a2a. ed.
260 _g
264 _aBuenos Aires, Argentina :
_bAlfaguara,
_c2008
300 _a70 páginas :
_bilustraciones
_c20 cm.
336 _atexto
_btxt
_2rdacontent
337 _asin mediación
_bn
_2rdamedia
338 _avolumen
_bnc
_2rdacarrier
490 0 _aAlfaguara infantil
500 _aIncluye datos biográficos del autor.
521 _aA partir de 10 años.
590 _aInventariado, 2026/VM
650 7 _aCuentos infantiles argentinos
650 7 _aCampamentos
_vCuentos infantiles.
650 7 _aLiteratura infantil argentina
700 1 _aHuadi
_eilustración
910 _aVMateo V. Control de calidad. BPMSU
942 _2ddc
_cBK
999 _c11785
_d11785